LIBRARY & INFORMATION CENTRE, KCAET, TAVANUR

ONLINE PUBLIC ACCESS CATALOGUE (OPAC)

Environmental engineering (Record no. 13986)

MARC details
000 -LEADER
fixed length control field 00322nam a22001337a 4500
020 ## - INTERNATIONAL STANDARD BOOK NUMBER
ISBN 9788170356448
082 ## - DEWEY DECIMAL CLASSIFICATION NUMBER
Classification number 628
Item number ARV/EN
245 ## - TITLE STATEMENT
Title Environmental engineering
260 ## - PUBLICATION, DISTRIBUTION, ETC. (IMPRINT)
Place of publication Delhi
Name of publisher Daya Publishing House
Year of publication 2010
300 ## - PHYSICAL DESCRIPTION
Number of Pages 491
700 ## - ADDED ENTRY--PERSONAL NAME
Personal name Arvind Kumar
700 ## - ADDED ENTRY--PERSONAL NAME
Personal name Mishra, Shishir Suman
942 ## - ADDED ENTRY ELEMENTS (KOHA)
Koha item type Books
Holdings
Withdrawn status Lost status Damaged status Collection code Home library Current library Shelving location Date acquired Source of acquisition Cost, normal purchase price Full call number Accession Number Koha item type
      Non-fiction KAUAET KAUAET General Stacks 30/03/2013 Neoti Book Agency 2200.00 628 ARV/EN 23850 Books
        KAUAET KAUAET General Stacks 13/06/2016 Universal Research Books, Thrissur 2200.00 628 ARV/EN 24284 Books
free website counter